Depeche Mode top 20 songs played live ever - Statistics

General Stats
  • This quiz has been taken 357 times
    200 since last reset
  • The average score is 13 of 20
Answer Stats
Play Count Answer % Correct
990 Personal Jesus
97%
986 Enjoy the Silence
94%
1075 Never let me down again
94%
742 Just Can't Get Enough
80%
762 A Question of time
77%
446 A Question of lust
73%
864 Everything Counts
72%
713 In your room
68%
706 World in my eyes
66%
626 Behind the wheel
64%
615 Policy of truth
64%
894 Walking in my shoes
62%
811 I Feel You
61%
497 Black Celebration
54%
515 Precious
54%
568 Home
53%
867 Stripped
53%
430 Halo
52%
478 A pain that I'm used to
37%
438 It's no good
25%
No matching quizzes found
Score Distribution
Percent of People with Each Score
Percentile by Number Answered
Your Score History
You have not taken this quiz since the last reset